Ezhu pennunga/ (Record no. 181546)

000 -LEADER
fixed length control field 00372nam a2200157 4500
020 ## - INTERNATIONAL STANDARD BOOK NUMBER
ISBN 9789397079949
082 ## - DEWEY DECIMAL CLASSIFICATION NUMBER
Classification number M301
Item number ASW/E
100 ## - MAIN ENTRY--AUTHOR NAME
Personal name Aswathy R
245 ## - TITLE STATEMENT
Title Ezhu pennunga/
Statement of responsibility, etc by Aswathy R
260 ## - PUBLICATION, DISTRIBUTION, ETC. (IMPRINT)
Place of publication Thrissur:
Name of publisher Booker Media,
Year of publication 2023.
300 ## - PHYSICAL DESCRIPTION
Number of Pages 64p.
650 ## - SUBJECT ADDED ENTRY--TOPICAL TERM
Topical Term Stories Malayalam
650 ## - SUBJECT ADDED ENTRY--TOPICAL TERM
Topical Term Literature Malayalam
650 ## - SUBJECT ADDED ENTRY--TOPICAL TERM
Topical Term Literature
942 ## - ADDED ENTRY ELEMENTS (KOHA)
Koha item type Book
Holdings
Withdrawn status Lost status Damaged status Not for loan Permanent Location Current Location Shelving location Date acquired Cost, normal purchase price Full call number Accession Number Price effective from Koha item type
        Sree Sankaracharya University of Sanskrit Sree Sankaracharya University of Sanskrit Stacks 16.05.2026 110.00 M301 ASW/E 108556 16.05.2026 Book